Statistics for Name all arab countries quiz

Click here to take the quiz!

General Stats

  • This quiz has been taken 16 times
  • The average score is 20 of 22

Answer Stats

Country% Correct
Saudi Arabia
100%
Algeria
92%
Djibouti
92%
Egypt
92%
Iraq
92%
Jordan
92%
Kuwait
92%
Lebanon
92%
Libya
92%
Morocco
92%
Oman
92%
Qatar
92%
Somalia
92%
Syria
92%
Tunisia
92%
United Arab Emirates
92%
Yemen
92%
Bahrain
83%
Mauritania
83%
Palestine
83%
Sudan
83%
Comoros
58%

Score Distribution

Percentile by Number Answered

Percent of People with Each Score

Your Score History

You have not taken this quiz